000 01181nam0a2200253 4500
001 RU\NLR\BIBL_A\011250806
005 20260406072842.0
035 _a(NLR Aleph) 011250806
090 _a12165988
_c12165988
100 _a20161019d1952 |||y0rusy50 ca
101 0 _aalt
102 _aRU
105 _aa z 000 y
200 1 _aТӧрӧл литература
_eорто шк. 6-чы кл. керектӱ хрестоматия
_f[С. С. Суразаков, Н. Н. Суразакова тургускандар]
210 _aГорно-Алтайск
_cОблнациздат
_d1952
215 _a234,[1] с.
_cил.
_d22
541 1 _aРодная литература
_eхрестоматия для 6-го кл. сред. шк.
_zrus
606 1 _aАлтайская литература
_jХрестоматии для средней школы
_9933053
_3RU\NLR\AUTH\6625354
686 1 _aШ5(2=Алт) я72
702 1 _4220
_8rus
_7ca
_aСуразаков
_bС.С.
_f1925-1980
_gСазон Саймович
_cалтайский писатель
_3RU\NLR\auth-onl\77597
_9130653
852 _aNLR
_bОНЛ
_jАлт./3-183
942 _cBOOK
980 _aNB